MDQL
is popping MORE tags! Check the
thread
!
Quizzes
Events
Quiz Creation
Community
Videos
Private Events
Remove Ads
Sign In
Join for FREE
Feedback
Dark Mode
Quiz Categories
Sports
Geography
Music
Movies
Television
Just For Fun
Miscellaneous
History
Literature
Language
Science
Gaming
Entertainment
Religion
Holiday
For Kids
Quiz Lab
Recent
Popular Today
Quiz Kudos Today
Editor Picks
Curator Picks
Quizzes by...
Day
Popularity
Type
Ratings
Length
Year
Community
Subscriptions
Recent Discussions
Orange Saloon
Badges
Playlists
Quests
Create
Leaderboards
Showdown
Live 5
Trivia Bingo
Activity
Puzzle Library
Sporcle Events
Private Events
Virtual Trivia
Globe League
Become a Host
Pub Owners
SporcleCon
Opinionation
Our Games
Videos
Blog
Mobile Apps
Partnerships
Remove Ads and Go Orange
Feedback
Religion
Mythology
Religious Music
World Religions
Bible
Christianity
Catholicism
Judaism
Church
Scripture
Islam
Verse
Religion
Mythology
Religious Music
World Religions
Bible
Christianity
Catholicism
Judaism
Church
Scripture
Islam
Verse
Random Quiz
Search Sporcle
×
Quiz Lab
Quiz Lab
Religion
Scripture
Select answers by clicking on text or image buttons
Select answers by clicking on text or image buttons
Clickable
Best Score? Go Orange.
Number of Chapters in Old Testament Books Stats
Can you match the name of each book in the Protestant Old Testament with the number of chapters it contains?
By
SilentOne
4m
39 Questions
85 Plays
85 Plays
85 Plays
Comments
Comments
Give Quiz Kudos
Give Quiz Kudos
-
- Ratings
hide this ad
Replay
Link that replays current quiz
Next Quiz
Link to next quiz in quiz playlist
You Got
0%
They Got
Avg Score
40%
Avg Friend Score
Upgrade to see
Score Distribution
Jump to the score distribution portion of the page
Score
0/39
Timer
04:00
0
Plays Today
% Correct
Psalms
75.3%
Genesis
62.4%
Isaiah
62.4%
Proverbs
60%
Ruth
58.8%
Job
54.1%
Obadiah
54.1%
Exodus
51.8%
Jeremiah
50.6%
Esther
48.2%
Daniel
48.2%
Jonah
45.9%
Deuteronomy
42.4%
Ezekiel
42.4%
Song of Solomon
41.2%
Habakkuk
41.2%
Numbers
38.8%
Ecclesiastes
37.6%
Joel
37.6%
Malachi
37.6%
% Correct
Nahum
36.5%
Leviticus
35.3%
Lamentations
35.3%
Judges
32.9%
1 Kings
32.9%
1 Chronicles
32.9%
Zephaniah
31.8%
1 Samuel
30.6%
Haggai
30.6%
Joshua
29.4%
2 Kings
29.4%
Ezra
29.4%
Amos
29.4%
Zechariah
29.4%
2 Samuel
28.2%
2 Chronicles
28.2%
Nehemiah
28.2%
Micah
25.9%
Hosea
21.2%
Quiz Playlist
Details
Report
Send in Message
Add To Playlist
Clickable:
Select answers by clicking on text or image buttons
Last Updated: Nov 13, 2020
Quiz Scoreboard
CHALLENGE
Sign Up to Join the Scoreboard
Show All
Scores
Hide
Comments
May contain spoilers
Recently Published
Colored Red Africa Blitz
by spor1
Geography
30s
Find the 'City' Movie
by crazypaving
Movies
60s
5x2 Blitz: Bands
by SL_Kpop136
Music
30s
More to Explore
Quiz From the Vault
Featured Blog Post
14 Easter Pick-up Lines to Find Eggs With
hide this ad
You Might Also Like...
Tags
Bible Quiz
Scripture Quiz
Old Testament
protestant
Testament
Today's Top Quizzes in Religion
Browse Religion
hide this ad
Today's Top Quizzes in Scripture
Browse Scripture
Top Contributed Quizzes in Religion
1
Christmas Pick: Judaism
2
Christmas Pick: Islam
3
Christmas Pick: World Religions
4
Longevity in the Bible
5
Artistic Maundy Thursday
6
Mythological Creature Bunker
7
Are they in the Bible?
8
One Thing in Common: Mythology II
9
One Thing in Common: Mythology
10
Christmas Pick: Religious Music
Explore More
Trending Topics
Marvel
Kpop
NBA
Harry Potter
Crossword
Disney
Anime
WWE
Soccer
The Office
Country
NFL
Puzzle
Pokémon
Song
hide this ad
More By:
SilentOne
Quiz
Plays
Rating
Category
Featured
Created
Wrong Color
95,625
4.59
Just For Fun
May 16, 2018
Witch Hat Pick
45,373
4.60
Holiday
Sep 20, 2016
Disney Song Pairs
30,847
4.67
Movies
Jan 25, 2019
Arrowverse Character Sort
25,563
4.54
Television
Jun 4, 2018
SPORCLE Baby Names
22,851
4.22
Miscellaneous
Aug 2, 2017
Go to Creator's Profile
Score Distribution
Quiz Creator Spotlight
SilentOne
Follow
Send a Message
Quizzes Created
-
Created Quiz Play Count
-
More By This Creator
Popular Quizzes Today
1
Colored Red Africa Blitz
2
Find the 'City' Movie
3
5x2 Blitz: Bands
4
Find the US States - No Outlines Minefield
5
The Countries of the World
6
Find the US States
7
US States
8
Find the Countries of Europe - No Outlines Minefield
More Religion Quizzes
Simpsons Non-Denominational Quotes II
Curator's Pick
Trending Quizzes
Colored Red Europe Blitz I
Colored Red Europe Blitz II
Colored Red Africa Blitz II
Colored Red Europe Blitz III
Colored Red Africa Blitz III
Recently Updated
How Do You Spell That?
pecheneg
Godzilla Movies
pecheneg
Grab Bag: 4-10 Letters
pecheneg
2024 March Madness Bracket
pecheneg
Famous TV Couples
Peacemaker
Champions League XIs: Real Madrid
pecheneg
Largest US Cities 1790-2010
pecheneg
Rides in Walt Disney World
pecheneg
Most Oscar Losses (Acting)
pecheneg
Beyoncé Albums
pecheneg
Trending Topics
Crossword
Disney
Marvel
Anime
Harry Potter
Kpop
NBA
WWE
Soccer
NFL
Country
The Office
Puzzle
Pokémon
Song
Your Account Isn't Verified!
In order to create a playlist on Sporcle, you need to verify the email address you used during registration. Go to your
Sporcle Settings
to finish the process.
Report this User
Report this user for behavior that violates our
Community Guidelines
.
Details:
Send Report
Go to the Sporcle.com Mobile Site →
Comments